<?xml version="1.0" encoding="UTF-8"?>
<marc:record xmlns:marc="http://www.loc.gov/MARC21/slim">
   <marc:leader>00000nam a2200000 a 4500</marc:leader>
   <marc:datafield ind1="1" ind2=" " tag="100">
      <marc:subfield code="a">Klink, Vincent</marc:subfield>
      <marc:subfield code="4">aut</marc:subfield>
      <marc:subfield code="e">Verfasser/-in</marc:subfield>
   </marc:datafield>
   <marc:datafield ind1=" " ind2=" " tag="653">
      <marc:subfield code="a">Venedig</marc:subfield>
   </marc:datafield>
   <marc:datafield ind1=" " ind2=" " tag="653">
      <marc:subfield code="a">Reise</marc:subfield>
   </marc:datafield>
   <marc:datafield ind1=" " ind2=" " tag="653">
      <marc:subfield code="a">Kochen</marc:subfield>
   </marc:datafield>
   <marc:datafield ind1=" " ind2=" " tag="653">
      <marc:subfield code="a">Reisebericht</marc:subfield>
   </marc:datafield>
   <marc:datafield ind1=" " ind2=" " tag="653">
      <marc:subfield code="a">Italien</marc:subfield>
   </marc:datafield>
   <marc:datafield ind1=" " ind2=" " tag="653">
      <marc:subfield code="a">Rezepte</marc:subfield>
   </marc:datafield>
   <marc:datafield ind1=" " ind2=" " tag="653">
      <marc:subfield code="a">Reiseliteratur</marc:subfield>
   </marc:datafield>
   <marc:datafield ind1=" " ind2=" " tag="653">
      <marc:subfield code="a">Spaziergänge &lt;Venedig&gt;</marc:subfield>
   </marc:datafield>
   <marc:datafield ind1=" " ind2=" " tag="653">
      <marc:subfield code="a">Reiseführer</marc:subfield>
   </marc:datafield>
   <marc:datafield ind1=" " ind2=" " tag="653">
      <marc:subfield code="a">kulinarischer Reiseführer</marc:subfield>
   </marc:datafield>
   <marc:datafield ind1=" " ind2=" " tag="653">
      <marc:subfield code="a">Fernseh-Koch</marc:subfield>
   </marc:datafield>
   <marc:datafield ind1="0" ind2="0" tag="245">
      <marc:subfield code="a">Ein Bauch spaziert durch Venedig</marc:subfield>
   </marc:datafield>
   <marc:datafield ind1="0" ind2="0" tag="245">
      <marc:subfield code="c">Klink, Vincent</marc:subfield>
   </marc:datafield>
   <marc:datafield ind1=" " ind2="1" tag="264">
      <marc:subfield code="a">Hamburg</marc:subfield>
      <marc:subfield code="b">ROWOHLT Taschenbuch Verlag</marc:subfield>
      <marc:subfield code="c">2024</marc:subfield>
   </marc:datafield>
   <marc:datafield ind1=" " ind2=" " tag="250">
      <marc:subfield code="a">1. Auflage</marc:subfield>
   </marc:datafield>
   <marc:datafield ind1="1" ind2=" " tag="520">
      <marc:subfield code="a">Seit vierzig Jahren fährt Vincent Klink in jene Region Italiens, die einen geflügelten Löwen in ihrem Wappen trägt: Venetien. Die dortige Küche liebt er fern der Klischees von «Tomate-Mozzarella». Lieber widmet er sich Sarde in Saor (winzige, saure Bratheringe mit gekochten Zwiebelringen), Piccione cotto (Taube) oder Seppie in Umido (Tintenfisch). Die Köstlichkeiten Venetiens haben ihn geprägt, ebenso die eindrucksvollen, reichen Kunst- und Kulturschätze Venedigs, der Sehnsuchtsstadt auf Stelzen.&#xD;
Mit Goethe und Montaigne im Gepäck begibt er sich von Stuttgart aus auf die Reise, passiert den Brenner und macht kleine Abstecher nach Vicenza und Padua, bis er auf dem berühmten Markusplatz im Caffè Quadri (wo schon Lord Byron und Stendhal verkehrten) zum Frühstück ein Cornetto genießt, nein, Vincent Klink spricht gerne im Plural von Cornetti, es werden also drei Stück. Was folgt, ist eine gewohnt reizvolle Klink’sche Mischung aus Rezepten, Beschreibungen venezianischer Spaziergänge und Ausflügen in die Umgebung: ein ebenso kultursattes wie kulinarisch verheißungsvolles Porträt Venetiens.</marc:subfield>
   </marc:datafield>
   <marc:datafield ind1=" " ind2=" " tag="020">
      <marc:subfield code="a">9783499007972</marc:subfield>
      <marc:subfield code="9">9783499007972</marc:subfield>
   </marc:datafield>
   <marc:datafield ind1=" " ind2=" " tag="020">
      <marc:subfield code="a">3499007975</marc:subfield>
      <marc:subfield code="9">3499007975</marc:subfield>
   </marc:datafield>
   <marc:datafield ind1=" " ind2=" " tag="041">
      <marc:subfield code="a">ger</marc:subfield>
   </marc:datafield>
   <marc:datafield ind1=" " ind2=" " tag="300">
      <marc:subfield code="b">Illustrationen, Karten</marc:subfield>
   </marc:datafield>
   <marc:datafield ind1=" " ind2=" " tag="338">
      <marc:subfield code="a">Band</marc:subfield>
   </marc:datafield>
   <marc:datafield ind1=" " ind2=" " tag="300">
      <marc:subfield code="a">320 Seiten</marc:subfield>
   </marc:datafield>
</marc:record>
